Science : (Record no. 8894)
[ view plain ]
| 000 -LEADER | |
|---|---|
| fixed length control field | 00837nam a22002657a 4500 |
| 001 - CONTROL NUMBER | |
| control field | 8894 |
| 003 - CONTROL NUMBER IDENTIFIER | |
| control field | FISKH |
| 005 - DATE AND TIME OF LATEST TRANSACTION | |
| control field | 20251030094901.0 |
| 008 - FIXED-LENGTH DATA ELEMENTS--GENERAL INFORMATION | |
| fixed length control field | 251030b cb ||||| |||| 00| 0 eng d |
| 020 ## - INTERNATIONAL STANDARD BOOK NUMBER | |
| International Standard Book Number | 9789810187255 |
| 040 ## - CATALOGING SOURCE | |
| Original cataloging agency | FISKH |
| Language of cataloging | eng |
| Transcribing agency | FISKH |
| Modifying agency | FISKH |
| 050 ## - LIBRARY OF CONGRESS CALL NUMBER | |
| Classification number | Q161.2 M |
| 082 ## - DEWEY DECIMAL CLASSIFICATION NUMBER | |
| Classification number | 372 |
| 100 ## - MAIN ENTRY--PERSONAL NAME | |
| Personal name | Lan, Teo-Gwan Wai |
| 245 ## - TITLE STATEMENT | |
| Title | Science : |
| Remainder of title | Energy Primary 3 & 4 / |
| Statement of responsibility, etc. | By Toe-Gwan Wai Lan , Science Education Consultant : Dr Charles Chew |
| 260 ## - PUBLICATION, DISTRIBUTION, ETC. | |
| Place of publication, distribution, etc. | Singarpore : |
| Name of publisher, distributor, etc. | Marshall Cavendish Educational , |
| Date of publication, distribution, etc. | 2008. |
| 300 ## - PHYSICAL DESCRIPTION | |
| Extent | 36 pages : |
| Other physical details | color illustrations ; |
| Dimensions | 27 cm . |
| 490 ## - SERIES STATEMENT | |
| Series statement | My Pals Are Here ! |
| 650 ## - SUBJECT ADDED ENTRY--TOPICAL TERM | |
| Topical term or geographic name entry element | Science |
| Form subdivision | Non-fiction |
| 700 ## - ADDED ENTRY--PERSONAL NAME | |
| Personal name | Rahim, Anuar Abdul |
| Relator term | Illustrator |
| 700 ## - ADDED ENTRY--PERSONAL NAME | |
| Personal name | Lan, Tay Bock |
| Relator term | Illustrator |
| 700 ## - ADDED ENTRY--PERSONAL NAME | |
| Personal name | Eng, Goh Soo |
| Relator term | Illustrator |
| 942 ## - ADDED ENTRY ELEMENTS (KOHA) | |
| Source of classification or shelving scheme | Dewey Decimal Classification |
| Koha item type | Books |
| Suppress in OPAC | No |
| Withdrawn status | Lost status | Source of classification or shelving scheme | Damaged status | Not for loan | Collection | Home library | Current library | Shelving location | Date acquired | Total Checkouts | Full call number | Barcode | Date last seen | Price effective from | Koha item type |
|---|---|---|---|---|---|---|---|---|---|---|---|---|---|---|---|
| Dewey Decimal Classification | Reference | Footprints International School Library Network Toul Tom Poung Campus | Footprints International School Library Network Toul Tom Poung Campus | Librarian's Shelf TTP | 10/30/2025 | LAN 372 Q161.2 M | 2025-4764 | 10/30/2025 | 10/30/2025 | Books |
